[Event "Tambov Region-ch FL"]
[Site "Tambov"]
[Date "2014.10.25"]
[Round "6"]
[White "Gorshechnikov, Andrey V"]
[Black "Shvadchenko, Grigory F"]
[Result "1/2-1/2"]
[WhiteElo "1727"]
[BlackElo "1914"]
[PlyCount "116"]
[EventDate "2014.10.22"]
[EventType "tourn"]
[EventRounds "9"]
[EventCountry "RUS"]
[SourceTitle "EXT 2023"]
[Source "ChessBase"]
[SourceDate "2022.10.05"]
[SourceVersion "1"]
[SourceVersionDate "2022.10.05"]
[SourceQuality "1"]

1. Nf3 Nf6 2. d4 c5 3. c4 e6 4. Nc3 a6 5. e4 cxd4 6. Nxd4 d6 7. Be2 Be7 8. 0-0 0-0 9. Be3 Nc6 10. Qd2 Bd7 11. Rfd1 Qc7 12. f3 Rac8 13. Rac1 Qb8 14. Bf1 Rfd8 15. Qe1 Ne5 16. b3 Ng6 17. Kh1 Nh5 18. Qf2 Ne5 19. Qb2 Be8 20. Be2 Ng6 21. Bf1 Bd7 22. Be2 Nhf4 23. Bf1 Bf6 24. Qd2 Be5 25. g3 Nh5 26. f4 Bxd4 27. Qxd4 Bc6 28. Bg2 Nf6 29. Qd2 h5 30. h3 Qc7 31. Nd5 exd5 32. cxd5 Qe7 33. dxc6 Nxe4 34. Qe1 bxc6 35. Bb6 Re8 36. Bxe4 Qxe4+ 37. Qxe4 Rxe4 38. Rxd6 Ne7 39. Rc2 h4 40. Rd8+ Rxd8 41. Bxd8 Nf5 42. Bxh4 Re1+ 43. Kh2 Nd4 44. Rf2 f6 45. g4 Kf7 46. Kg2 Ke6 47. Rd2 Re2+ 48. Rxe2+ Nxe2 49. f5+ Kf7 50. a3 Nd4 51. Bg3 Nxb3 52. Bd6 c5 53. Kf2 c4 54. Ke3 g6 55. h4 gxf5 56. gxf5 Kg7 57. Be7 Kf7 58. Bd6 Kg7 1/2-1/2